000 00735nam a2200241 a 4500
001 BRL_531
005 20190320210803.0
008 020913s1943----u--a######---#000-0#eng-#
041 _aeng
044 _au
050 4 _aF1219.3.M6
_b.S75 1943
100 1 _aStirling, Matthew Williams
_d1895-1975
_924215
245 1 0 _aStone Monuments of Southern Mexico
_cby Matthew W. Stirling
260 _aWashington, D.C.
_bUnited States Government Printing Office
_c1943
300 _avii, 84 p.
_bil.
_c23 cm.
500 _aAu587
504 _aBibliografía: p. 74-76
650 1 4 _aMonumentos
_zMéxico
_94002
650 1 4 _aAstelas (Arqueología)
_zMéxico
_924216
651 4 _aMéxico
_xAntigüedades
_92765
902 _aGRL
942 _2lcc
_cB
999 _c9343
_d9343